Normal view MARC view
  • Business enterprises, Foreign

Entry Topical Term

Number of records used in: 1

001 - CONTROL NUMBER

  • control field: 83564

003 - CONTROL NUMBER IDENTIFIER

  • control field: NUST

005 - DATE AND TIME OF LATEST TRANSACTION

  • control field: 20211101092708.0

008 - FIXED-LENGTH DATA ELEMENTS

  • fixed length control field: 211101|| aca||aabn | a|a d

040 ## - CATALOGING SOURCE

  • Original cataloging agency: NUST
  • Transcribing agency: NUST

150 ## - HEADING--TOPICAL TERM

  • Topical term or geographic name entry element: Business enterprises, Foreign
  • General subdivision: Law and legislation
  • Geographic subdivision: China

670 ## - SOURCE DATA FOUND

  • Source citation: Work cat.: (NUST)0: Zimmerman, James M., 1958- author. 83563, China law deskbook :
© 2023 Central Library, National University of Sciences and Technology. All Rights Reserved.